000 00861nam a2200265 a 4500
001 25722
003 CO-ViMGA
008 141112s2004 ck r 000 u spa d
020 _a9789582010454
040 _aCO-ViMGA
_bspa
_cCO-ViMGA
041 _aSPA
082 0 4 _aCo864.4 C64e
100 1 _aCollazos, Oscar, 1942 -
_92223
245 1 0 _aEpístolas :
_bsobre arte, educación y democracia /
_cÓscar Collazos
250 _a1a ed.
260 _aBogotá :
_bMagisterio,
_c2011
300 _a76 p.
490 _aSabiduría Breve
600 _aCOLLAZOS, OSCAR, 1942 - COLECCIONES DE ESCRITOS
_939667
650 1 4 _aARTE - ENSEÑANZA - ENSAYOS, CONFERENCIAS, ETC
_939668
650 1 4 _aDEMOCRACIA - ENSAYOS, CONFERENCIAS, ETC.
_939669
650 1 4 _aeducación - ENSAYOS, CONFERENCIAS, ETC.
_923339
650 1 4 _aENSAYOS COLOMBIANOS
_91215
942 _2ddc
_cBK
999 _c5289
_d5289